[Event "Sivagangai Tamilnadu op U11 32th"]
[Site "Sivagangai Tamilnadu"]
[Date "2018.07.29"]
[Round "2.8"]
[White "Mohanty, Soyamsree"]
[Black "Hariharan, Vinayagamurthy"]
[Result "1-0"]
[WhiteElo "1755"]
[BlackElo "1363"]
[PlyCount "128"]
[EventDate "2018.07.28"]
[EventType "swiss"]
[EventRounds "11"]
[EventCountry "IND"]
[SourceTitle "EXT 2024"]
[Source "ChessBase"]
[SourceDate "2023.10.10"]
[SourceVersion "1"]
[SourceVersionDate "2023.10.10"]
[SourceQuality "1"]

1. d4 d5 2. Bf4 Nf6 3. e3 Bf5 4. Nd2 Nbd7 5. Ngf3 e6 6. Be2 Be7 7. h3 0-0 8. 0-0 h6 9. c4 c6 10. Qb3 Qb6 11. c5 Qxb3 12. axb3 b6 13. b4 Ne4 14. Ba6 Nxd2 15. Nxd2 bxc5 16. Bb7 cxb4 17. Bxa8 Rxa8 18. Nb3 c5 19. dxc5 Bxc5 20. Rfc1 Bb6 21. Bd6 Bd3 22. Bxb4 Bc4 23. Nd2 Ne5 24. Nxc4 Nxc4 25. b3 Ne5 26. Ba5 Rb8 27. Bxb6 axb6 28. Rc7 Ng6 29. Raa7 Nh8 30. Rab7 Rxb7 31. Rxb7 Ng6 32. Rxb6 Ne5 33. Rb8+ Kh7 34. b4 Kg6 35. b5 Kf6 36. b6 Nd7 37. Rb7 Ke7 38. Ra7 Kd6 39. b7 f5 40. Ra6+ Ke7 41. Ra8 e5 42. b8Q Nxb8 43. Rxb8 e4 44. Kf1 g5 45. Ke2 f4 46. Kd2 Kf6 47. Kc3 h5 48. Kd4 f3 49. gxf3 exf3 50. Rf8+ Kg6 51. Rxf3 g4 52. hxg4 hxg4 53. Rf4 Kg5 54. Ke5 d4 55. exd4 g3 56. fxg3 Kg6 57. Ke6 Kg5 58. d5 Kg6 59. Rg4+ Kh5 60. Kf5 Kh6 61. Rg5 Kh7 62. Kf6 Kh6 63. g4 Kh7 64. Kf7 Kh6 1-0